The causes of high and low reading achievement

Saved in:
書目詳細資料
主要作者: Carver, Ronald P (Author)
格式: 圖書
語言:英语
出版: Mahwah Lawrence Erlbaum Associates 2000
主題:
標簽: 添加標簽
沒有標簽, 成為第一個標記此記錄!

MARC

LEADER 00000nam a2200000 a 4500
001 UCM3428
003 CL-VaPUC
008 020705e20000000us |||||||||||||||||eng|d
082 0 4 |a 428.4  |b CAR  |2 21 
100 0 |a Carver, Ronald P  |e author  |9 470235 
245 1 4 |a The causes of high and low reading achievement 
300 |a 443 p 
942 |c BK 
945 |d 20020705 00:00:00  |a cmena 
260 |a Mahwah  |b Lawrence Erlbaum Associates  |c 2000 
650 0 |a Comprensión de lectura  |9 307588 
650 0 |a Lectura  |9 307634 
650 0 |a Psicolingüística   |9 283371 
583 |a last modification  |c 20171120 05:01:53  |k Rodrigo Vera 
999 |c 300795  |d 300793 
952 |0 0  |1 0  |4 0  |6 428_400000000000000_CAR_2000  |7 0  |8 A  |9 359077  |a FDOPOS  |b FDOPOS  |d 2019-11-21  |i 3826600  |o 428.4 CAR 2000  |p 3826600  |r 2025-01-22  |w 2019-11-21  |y BK  |k MLA